Short German Words - Statistics

General Stats
  • This quiz has been taken 31 times
    28 since last reset
  • The average score is 6 of 15
Answer Stats
Word Hint Answer % Correct
elf a number eleven
100%
Bau buildings are under it for some time construction
68%
Notfall an urgent situation emergency
64%
sofort without delay immediately
52%
Stau commuters' bane traffic jam / congestion
52%
Ziel where you are heading destination
44%
Föhn don't drop it in the bathtub hairdryer / blow-dryer
44%
Lupe can make fire using sunlight magnifying glass / magnifier
44%
Raupe larval stage of a beautiful creature with an "ugly" German name caterpillar
32%
Specht Woody is one woodpecker
28%
Drehtür office buildings' merry-go-round revolving door
20%
Bagger hole digger excavator
16%
Wahn a fixed but false belief delusion
8%
Trost a shoulder to cry on, e.g. consolation
4%
Klärwerk produces sludge as a by-product wastewater treatment plant
4%
No matching quizzes found
Score Distribution
Percent of People with Each Score
Percentile by Number Answered
Your Score History
You have not taken this quiz since the last reset